Description and sampling of contaminated soils : a field guide

Αποθηκεύτηκε σε:
Λεπτομέρειες βιβλιογραφικής εγγραφής
Κύριος συγγραφέας: Boulding, Russell
Μορφή: Βιβλίο
Γλώσσα:English
Δημοσίευση: Boca Raton : Lewis Publishers, c1994
Έκδοση:2nd ed.
Θέματα:
Ετικέτες: Προσθήκη ετικέτας
Δεν υπάρχουν, Καταχωρήστε ετικέτα πρώτοι!

MARC

LEADER 00000nam a2200000 i 4500
001 1/17453
008 981006s1994 eng d
020 |a 1-56670-050-7 
035 |l 10020564 
040 |a GR-MY-UA  |b gre  |e aacr 
041 0 |a eng 
082 0 |a 628.55 
100 1 |a Boulding, Russell. 
245 1 0 |a Description and sampling of contaminated soils :  |b a field guide /  |c J. Russell Boulding 
250 |a 2nd ed. 
260 |a Boca Raton :   |b Lewis Publishers,   |c c1994 
300 |a ποικίλα σελιδαρίθμηση;  |c 24 εκ. 
504 |a Περιέχει βιβλιογραφικές παραπομπές 
650 0 0 |a Soil pollution. 
650 0 0 |a Soils  |x Sampling. 
852 |a INST  |b LESVOS  |e 19981006  |h 628.55 BOU  |p 005100018347  |q 005100018347  |t BK  |y 0 
901 |a BIBL-1999-1 
909 |a Λ  |b 059242 
922 |a 1ΕΛΗ  |b 199809  |c ΚΠΣ/ΤΠ 
950 |a 107-1998-06-03